|
|
|
|
| LEADER |
00000nam0a2200000 4500 |
| 001 |
286117 |
| 005 |
20231101235848.0 |
| 020 |
|
|
|a RU
|b 85-30748
|
| 035 |
|
|
|a (RuTPU)RU\TPU\book\310408
|
| 090 |
|
|
|a 286117
|
| 100 |
|
|
|a 20150303d1985 km y0rusy5003 ca
|
| 101 |
0 |
|
|a rus
|
| 102 |
|
|
|a KG
|
| 105 |
|
|
|a a z 001zy
|
| 200 |
1 |
|
|a Расчет электромагнитных полей на основе анализа их структуры и преобразования уравнений в выделенной подобласти
|f И. М. Грач
|g Академия наук Киргизской ССР (АН КиргССР), Институт физики и математики
|
| 210 |
|
|
|a Фрунзе
|c Илим
|d 1985
|
| 215 |
|
|
|a 198 с.
|c ил.
|
| 606 |
1 |
|
|a Электромагнитное поле
|x (электромагнетизм)
|2 stltpush
|3 (RuTPU)RU\TPU\subj\20157
|9 45278
|
| 610 |
1 |
|
|a расчеты
|
| 610 |
1 |
|
|a анализ
|
| 610 |
1 |
|
|a структура
|
| 610 |
1 |
|
|a уравнения Лапласа
|
| 610 |
1 |
|
|a преобразовательные уравнения
|
| 610 |
1 |
|
|a интегральные решения
|
| 610 |
1 |
|
|a степенные ряды
|
| 610 |
1 |
|
|a задача Дирихле
|
| 610 |
1 |
|
|a задача Неймана
|
| 610 |
1 |
|
|a естественные координаты
|
| 610 |
1 |
|
|a аппроксимация
|
| 675 |
|
|
|a 537.811
|z rus
|v 3
|
| 700 |
|
1 |
|a Грач
|b И. М.
|g Иосиф Майорович
|4 070
|
| 712 |
0 |
2 |
|a Академия наук Киргизской ССР (АН КиргССР)
|b Институт физики и математики
|2 stltpush
|3 (RuTPU)RU\TPU\col\18573
|
| 801 |
|
0 |
|a RU
|b RuMRKP
|c 19950704
|g psbo
|
| 801 |
|
1 |
|a RU
|b 63413507
|c 20150303
|
| 801 |
|
2 |
|a RU
|b 63413507
|c 20171103
|g RCR
|
| 942 |
|
|
|c BK
|